000 00504nam a22001697a 4500
003 OSt
005 20260414092858.0
008 260414b |||||||| |||| 00| 0 eng d
040 _aDWCL GS lib
_cOC
082 _aRes. 920 K583g 2001
100 _aKing, Jenny
245 _agreat & famous filipinos
_cJenny King
260 _aPhilippines
_bWordlink Books
_cc2001
300 _a103
_c21cm
700 _aJenny king
942 _2ddc
_cTEST
_hRes. 920 K583g 2001
_n0
999 _c9416
_d9416